Normal view
MARC view
- بني احمد، بهاء الدين خليل حسن
Entry Personal Name
001 - CONTROL NUMBER
- control field: 65728
003 - CONTROL NUMBER IDENTIFIER
- control field: JO-AjAnu
005 - DATE AND TIME OF LATEST TRANSACTION
- control field: 20240629082324.0
008 - FIXED-LENGTH DATA ELEMENTS
- fixed length control field: 240629|| aca||aabn | a|a d
040 ## - CATALOGING SOURCE
- Original cataloging agency: JO-AjAnu
100 ## - HEADING--PERSONAL NAME
- Personal name: بني احمد، بهاء الدين خليل حسن